most streamed rock/metal bands spotify - Statistics

General Stats
  • This quiz has been taken 72 times
  • The average score is 6 of 15
Answer Stats
Answer % Correct
metallica
88%
queen
76%
the beatles
76%
ACDC
64%
nirvana
64%
guns n roses
61%
linkin park
59%
pink floyd
37%
red hot chili peppers
36%
green day
34%
arctic monkeys
24%
fall out boy
10%
fleetwood mac
10%
elton john
7%
john mayer
0%
No matching quizzes found
Score Distribution
Percent of People with Each Score
Percentile by Number Answered
Your Score History
You have not taken this quiz